Introduction to Mathematical Statistics 8/e

Saved in:
Bibliografiske detaljer
Hovedforfatter: Hogg
Format: Bog
Udgivet: Pearson
Tags: Tilføj Tag
Ingen Tags, Vær først til at tagge denne postø!

MARC

LEADER 00000nam a2200000Ia 4500
005 20260513122050.0
020 |a 9789353946760 
100 |a Hogg 
365 |c Rs. 
365 |b 20.00 
942 |c BK 
245 |a Introduction to Mathematical Statistics 8/e 
260 |b Pearson 
999 |c 38  |d 38 
952 |0 0  |1 0  |4 0  |7 0  |a UNSW  |b UNSW  |d 2026-04-29  |g 1350.00  |i 16669  |l 0  |p 000021  |r 2026-05-13 12:20:50  |v 1350.00  |w 2026-05-13  |y BK